| 000 | 00000nam##2200000za#4500 |
| 001 | 9.578936 |
| 003 | CaOODSP |
| 005 | 20210624190325 |
| 007 | cr ||||||||||| |
| 008 | 150406|1991||||xxc|||||o f|0| 0 eng|d |
| 022 | |a1488-5387 |
| 040 | |aCaOODSP|beng |
| 043 | |an-cn--- |
| 086 | 1 |aFs97-4/2068E-PDF |
| 110 | 1 |aCanada. |bDepartment of Fisheries and Oceans. |
| 245 | 12|aA coded wire tag assessment of Salmon River (Langley) coho salmon : |h[electronic resource]|b1987 tag application and 1988-89 spawner enumeration / |cby L.W. Kalnin and N.D. Schubert. |
| 260 | |aNew Westminster - British Columbia : |bFisheries and Oceans Canada |cJanuary 1991. |
| 300 | |a46p.|bfigs., graphs, map, references, tables |
| 490 | 1 |aCanadian manuscript report of fisheries and aquatic sciences|x1488-5387|vNo. 2068 |
| 546 | |a(Résumés en français) |
| 590 | |a14-04-Supp|b2014-02-05 |
| 830 | #0|aCanadian manuscript report of fisheries and aquatic sciences,|x1488-5387|vNo. 2068|w(CaOODSP)9.505211 |
| 856 | 40|ahttp://publications.gc.ca|qPDF|s1591 KB|uhttps://publications.gc.ca/collections/collection_2014/mpo-dfo/Fs97-4-2068-eng.pdf|yNo. 2068 |